| 000 | 00455nam a2200193Ia 4500 | ||
|---|---|---|---|
| 008 | 210210b1989 xxu||||| |||| 00| 0 eng d | ||
| 020 | _a81 7040 058 9 | ||
| 082 | _a658.00685 CHEB | ||
| 100 | _aCHERUNILAM (Francis) | ||
| 245 | _aBusiness planning | ||
| 250 | _a | ||
| 260 |
_aDelhi. _bHimalaya Publishing House _c1989 |
||
| 300 | _a416 | ||
| 650 | _aplanning | ||
| 650 | _aBusiness | ||
| 690 | _aManagement | ||
| 700 | _aothers | ||
| 906 | _a047449 | ||
| 999 |
_c96269 _d96269 |
||